Top 30 países más contaminados - Estadísticas

Estadísticas generales
  • Esta prueba ha sido intentada 40 veces
  • La puntuación promedio es 15 de 30
Estadísticas de respuestas
LL exp. Respuesta % Correcto
-2.27 China
100%
-3.57 India
100%
-4.82 Bangladesh
88%
-1.82 Laos
84%
-1.82 Vietnam
84%
-3.32 Pakistán
75%
-2.69 Irak
63%
-2.32 Myanmar
63%
-1.96 Nigeria
63%
-2.86 República Democrática del Congo
63%
-3.32 Nepal
59%
-2.01 Perú
59%
-2.64 República del Congo
59%
-2.46 Mongolia
53%
-1.75 Sudáfrica
53%
-2.41 Bolivia
50%
-2.70 Camerún
50%
-2.78 Ruanda
44%
-2.20 Arabia Saudita
41%
-2.24 Uganda
41%
-2.85 Burundi
38%
-1.96 República Centroafricana
38%
-3.35 Catar
31%
-2.02 Gabón
31%
-2.73 Guinea Ecuatorial
31%
-1.97 Guatemala
25%
-1.91 Honduras
22%
-2.24 Lesoto
19%
-2.20 El Salvador
16%
-1.86 Bosnia y Herzegovina
3%
No se encontraron pruebas coincidentes
Distribución de puntuación
Porcentaje de gente con cada puntuación
Porcentaje por número respondido
Historial de tus puntuaciones
No has intentado esta prueba.